00817 2200289 4500001002100000005001500021035002000036007000300056008004100059020002200100040001200122082001200134084001400146090001800160090002100178100002500199245009300224250002000317260003600337300004700373650003100420700001400451850001200465041000800477999002100485990002100506INLIS00000000079433420190710091145 a0010-0818000217ta180808 ind  a978-602-453-760-9 aYOPDYOG04223a370 a370 URI b aDEP 370 URI b aCB-D.11 2018-5090 aUrip Triyono,d1972-1 aBunga rampai pendidikan :b(formal, non formal, dan informal) /cUrip Triyono, Mufarohah aCetakan Pertama aYogyakarta :bDeepublish,c2018 axiv, 352 halaman :bfoto berwarna ;c20 cm 4aPendidikan--xBunga rampai0 aMufarohah aYOPDYOG0 aind aCB-D.11/2018-509 aCB-D.11/2018-509